000
00315nam a2200133Ia 4500
008
231129s9999||||xx |||||||||||||| ||spa||
040
_b
spa
082
_a
Co864.08 A674p
100
_a
Arciniegas Ismael Enrique
245
0
_a
Prosistas y poetas bogotanos
260
_c
193
264
_a
Centro
942
_2
ddc
_c
BKS
999
_c
23377
_d
23377